التذكرة في علم الهيئة : (Record no. 16300)
[ view plain ]
| 000 -الفاتح | |
|---|---|
| حقل البيانات ثابتة الطول | 00832nam a22002057a 4500 |
| 008 - عناصر البيانات ثابتة الطول - معلومات عامة | |
| حقل البيانات ثابتة الطول | 111206s1993 ua|||||r|||| 000 0 ara d |
| 082 ## - رقم تصنيف ديوى العشرى | |
| رقم الطبعة | 22 |
| رقم التصنيف | 520 |
| رقم المادة | ط و س |
| 245 ## - بيان العنوان | |
| العنوان | التذكرة في علم الهيئة : |
| بقية العنوان | مع دراسة لإسهامات الطوسي الفلكية / |
| بيان المسئوليه,etc | نصير الدين الطوسي ؛ دراسة وتحقيق عباس سليمان |
| 260 ## - PUBLICATION, DISTRIBUTION, ETC. (IMPRINT) | |
| مكان الناشر او الموزع | القاهرة : |
| اسم الناشر او الموزع | دار سعاد الصباح، |
| تاريخ النشر أو التوزيع | 1993 |
| 300 ## - الوصف المادى | |
| التعداد | 324 ص : |
| تفاصيل ماديه اخرى للوعاء | أيض ؛ |
| أبعاد الوعاء | 24 سم |
| 336 ## - نوع المحتوى | |
| source | rdacontent |
| Carrier Type Term | نص |
| Content Type Code | txt |
| 337 ## - نوع الوسيط | |
| Media Type Term | بدون وسيط |
| source | rdamedia |
| Media Type Code | n |
| 338 ## - نوع الحامل أو الناقل | |
| Carrier Type Term | مجلد |
| Carrier Type Code | nc |
| source | rdacarrier |
| 500 ## - تبصرة عامة | |
| تبصرة عامة | يشتمل على كشافات |
| 650 ## - المدخل الاضافى بالموضوع-مصطلح موضوعى | |
| 9 (RLIN) | 21338 |
| مصطلح موضوعي أو اسم جغرافي كعنصر مدخل | الهيئة ، |
| التقسيم الفرعي العام | علم |
| 650 ## - المدخل الاضافى بالموضوع-مصطلح موضوعى | |
| 9 (RLIN) | 15148 |
| مصطلح موضوعي أو اسم جغرافي كعنصر مدخل | الفلك |
| 650 ## - المدخل الاضافى بالموضوع-مصطلح موضوعى | |
| 9 (RLIN) | 17615 |
| مصطلح موضوعي أو اسم جغرافي كعنصر مدخل | الكون |
| 653 ## - مصطلح تكشيفى غير مقيد | |
| Resource For college | |
| Arrived date list | December2011 |
| 942 ## - عناصر المدخل الإضافي( كوها) | |
| مصدر التصنيف او مخطط الترفيف | Dewey Decimal Classification |
| Koha [default] item type | Book - Borrowing |
| جزء التصنيف | RDA-MOD |
| حالة التراجع | حالة الفقد | مصدر التصنيف او خطة الترفيف | حالة تلف | ليس للاعارة | مجموعات كوها | المكان الدائم | المكان الحالي | موقع الترفيف | تاريخ الاكتساب | Source of acquisition | رقم الاستدعاء | الباركود | Date last seen | نوع الوعاء |
|---|---|---|---|---|---|---|---|---|---|---|---|---|---|---|
| Dewey Decimal Classification | Alef-Baa | Central Library | Central Library | First floor | 06/12/2011 | 520 ط و س | 000025802 | 15/07/2025 | Book - Borrowing |